| 000 | 00539nam a2200217Ia 4500 | ||
|---|---|---|---|
| 003 | OSt | ||
| 005 | 20221007082444.0 | ||
| 006 | a|||||r|||| 00| 0 | ||
| 007 | ta | ||
| 008 | 221006b |||||||| |||| 00| 0 eng d | ||
| 024 | _a21,199 | ||
| 037 | _cTextual | ||
| 040 |
_aFLL _cFLL _beng |
||
| 041 |
_2eng _aeng |
||
| 082 | _aZ2z7, M2 | ||
| 100 |
_aIyer Krishna _9699098 |
||
| 245 | 0 | _aLaw, society and collective consciousness | |
| 260 | _c1982 | ||
| 942 |
_hZ2z7, M2 _cTEXL _2CC |
||
| 999 |
_c1166488 _d1166488 |
||